000 01502 a2200193 4500
020 _a0750696583
020 _a9780750696586
082 0 4 _a658.472
090 _c2731
_d2731
100 1 _aSchweitzer, James A.
245 1 0 _aProtecting business information :
_ba manager's guide /
_cJames A Schweitzer.
260 _a[S.l.] :
_bButterworth-Heinemann,
_c1995.
300 _a199 p. ;
_c24 cm.
500 _aHardcover.
520 _a'Protecting Business Information: A Manager's guide' is an introduction to the information resource, its sensitivity, value and susceptibility to risk. This book provides an outline for a business information security program and provides clear answers to the why and how of information protection. Protecting Business Information' provides detailed processes for analysis, leading to a complete and adequate information classification. It includes a thorough description of the methods for information classification. A valuable guide based on the author's fifteen year's experience in building and implementing information security programs for large, worldwide businesses. Provides a basis for the reasoning behind information protection processes. Suggests practical means for aligning an information security investment with business needs.
856 4 0 _3Amazon.com
_uhttp://www.amazon.com/exec/obidos/ASIN/0750696583/chopaconline-20
856 4 0 _3Amazon customer reviews
_uhttp://www.chopac.org/cgi-bin/tools/azrev.pl?q=0750696583
942 _aNBS
_cBK
_k658.472 SCH
999 _c345222
_d345222